Комсомольская юность : (Record no. 430038)
[ view plain ]
| 000 -LEADER | |
|---|---|
| fixed length control field | 00847nam a22001817a 4500 |
| 003 - CONTROL NUMBER IDENTIFIER | |
| control field | AM-YeHGA |
| 040 ## - CATALOGING SOURCE | |
| Original cataloging agency | AM-YeHGA |
| 090 ## - LOCALLY ASSIGNED LC-TYPE CALL NUMBER (OCLC); LOCAL CALL NUMBER (RLIN) | |
| -- | 432589 |
| 005 - DATE AND TIME OF LATEST TRANSACTION | |
| control field | 20250617155306.0 |
| 008 - FIXED-LENGTH DATA ELEMENTS--GENERAL INFORMATION | |
| fixed length control field | 190416s ||||| |||| 00| 0 rus d |
| 041 0# - LANGUAGE CODE | |
| Language code of text/sound track or separate title | rus |
| 245 00 - TITLE STATEMENT | |
| Title | Комсомольская юность : |
| Remainder of title | Сборник воспоминаний / |
| Statement of responsibility, etc. | [Ред. коллегия: М.И. Кривов (глав. ред.) и др.]. |
| 260 ## - PUBLICATION, DISTRIBUTION, ETC. | |
| Place of publication, distribution, etc. | Ульяновск : |
| Name of publisher, distributor, etc. | Кн. изд-во, |
| Date of publication, distribution, etc. | 1958. |
| 300 ## - PHYSICAL DESCRIPTION | |
| Extent | 112 с., |
| Other physical details | [5] л. ил. : портр. |
| 440 #0 - SERIES STATEMENT/ADDED ENTRY--TITLE | |
| Title | К 40-й годовщине Всесоюзного Ленинского Коммунистического Союза Молодежи |
| 653 0# - INDEX TERM--UNCONTROLLED | |
| Uncontrolled term | ЛКСМ - История - Ульяновская организация - Воспоминания и записки |
| 942 ## - ADDED ENTRY ELEMENTS (KOHA) | |
| Source of classification or shelving scheme | Universal Decimal Classification |
| Koha item type | Գրքեր / Books |
| Withdrawn status | Lost status | Source of classification or shelving scheme | Damaged status | Not for loan | Collection | Home library | Current library | Date acquired | Total checkouts | Full call number | Barcode | Date last seen | Price effective from | Koha item type | Public note |
|---|---|---|---|---|---|---|---|---|---|---|---|---|---|---|---|
| Universal Decimal Classification | General | Fundamental Scientific Library | Fundamental Scientific Library | 16/04/2019 | РД II/59496 | FL0574355 | 16/04/2019 | 16/04/2019 | Գրքեր / Books | 30 Days Loan |
ՀՀ Գիտությունների ազգային ակադեմիայի հիմնարար գիտական գրադարան = Fundamental Scientific Library of NAS RA
All site content, except where otherwise noted, is licensed under a